000 01076cam a22002533a 4500
001 27526
003 PGUSA
005 20140828083608.0
008 081213s2008||||xxu|||||s|||||000 | eng d
040 _aPGUSA
_beng
042 _adc
050 4 _aK
100 1 _aBoyle, James,
_d1959-
245 1 4 _aThe Public Domain :
_bEnclosing the Commons of the Mind
_h[electronic resource] /
_cJames Boyle
260 _bProject Gutenberg,
_c2008
505 0 _aWhy intellectual property? -- Thomas Jefferson writes a letter -- The second enclosure movement -- The Internet threat -- The farmer's tale: an allegory -- I got a mashup -- The enclosure of science and technology: two case studies -- A creative commons -- An evidence-free zone -- An environmentalism for information.
506 _aCopyrighted. Read the copyright notice inside this book for details.
516 _aElectronic text
653 _aIntellectual property
653 _aPublic domain (Copyright law)
830 0 _aProject Gutenberg
_v27526
856 4 0 _uhttp://www.gutenberg.org/ebooks/27526
942 _cEB
999 _c256781
_d256781